000 00474nam a22001697a 4500
020 _a9788197297786
082 _aM 030
_bTHU/M
100 _aThulaseedharan Pillai K
245 _aMalsarappareekshakalile English Grammar/
_cby Thulaseedharan Pillai K
260 _aKozhikode:
_bAtma,
_c2024.
300 _a368p.
500 _aEnglish Grammar for PSC exams
650 _aPSC Exam English Grammar
650 _aEnglish Grammar
650 _aGeneral English
942 _cBK
999 _c181874
_d181874